|
|
|
|
| LEADER |
01072nam a2200289 u 4500 |
| 001 |
10052715 |
| 003 |
upatras |
| 005 |
20210117200603.0 |
| 008 |
050228s1968 fr fre |
| 040 |
|
|
|a GR-PaULI
|c GR-PaULI
|
| 041 |
0 |
|
|a fre
|
| 082 |
0 |
4 |
|a 305.235
|
| 100 |
1 |
|
|a Davranche, Maurice
|9 45069
|
| 245 |
1 |
0 |
|a Enquete sur la jeunesse
|c realise par Maurice Davranche et commentee par Georges Fouchard
|
| 260 |
|
|
|a Paris
|b Gallimard
|c 1968
|
| 300 |
|
|
|a 383 p.
|c 17 cm.
|
| 490 |
0 |
|
|a Collection idees
|v 167
|
| 650 |
|
4 |
|a Νεολαία
|z Γαλλία
|9 45066
|
| 650 |
|
4 |
|a Μαθητές
|z Γαλλία
|9 45070
|
| 650 |
|
4 |
|a Εφηβική ψυχολογία
|9 170
|
| 700 |
1 |
|
|a Fouchard, Georges
|d 1929-
|9 45071
|
| 760 |
0 |
|
|a Collection idees
|g 167
|
| 852 |
|
|
|a GR-PaULI
|b ΠΑΤΡΑ
|b ΠΤΔΕ
|k ΑΣΧΞ
|h 305.235 DAV
|m 1356
|p 025000031598
|t 1
|
| 942 |
|
|
|2 ddc
|c BK15
|
| 952 |
|
|
|0 0
|1 0
|4 0
|6 305_235000000000000_DAV
|7 0
|9 46351
|a PTDE
|b PTDE
|d 2016-04-24
|i 1356
|l 0
|o 305.235 DAV
|p 025000031598
|r 2016-04-24 00:00:00
|t 1
|w 2016-04-24
|y BK15
|
| 998 |
|
|
|c ΤΣΕΝΕ
|d 2005-02
|
| 999 |
|
|
|c 29386
|d 29386
|